NCAA Basketball Conference Champions - Statistics

General Stats
  • This quiz has been taken 24 times
    12 since last reset
  • The average score is 23 of 46
Answer Stats
Hint Answer % Correct
ACC (RS + Champ) Duke
91%
America East (RS + Champ) UMBC
82%
Big 12 (RS + Champ) Arizona
73%
WCC (RS + Champ) Gonzaga
73%
MEAC (RS + Champ) Howard
73%
Big Ten (RS) Michigan
73%
Ivy League (Champ) Penn
73%
MAC (Champ) Akron
64%
SEC (RS) Florida
64%
Big South (RS + Champ) High Point
64%
Patriot League (Champ) Lehigh
64%
MAC (RS) Miami (OH)
64%
ASUN (Champ) Queens
64%
Atlantic 10 (RS) Saint Louis
64%
MAAC (Champ) Siena
64%
Big East (RS + Champ) St. John's
64%
Atlantic 10 (Champ) VCU
64%
Big Sky (Champ) Idaho
55%
NEC (RS + Champ) LIU
55%
Southland (Champ) McNeese
55%
MVC (Champ) Northern Iowa
55%
American (RS) South Florida
55%
Sun Belt (RS + Champ) Troy
55%
Horizon League (RS + Champ) Wright State
55%
Ivy League (RS) Yale
55%
WAC (Champ) California Baptist
45%
SoCon (Champ) Furman
45%
Big West (Champ) Hawaii
45%
CAA (Champ) Hofstra
45%
CUSA (Champ) Kennesaw State
45%
Summit League (RS + Champ) North Dakota State
45%
SWAC (Champ) Prairie View A&M
45%
OVC (RS + Champ) Tennessee State
45%
Mountain West (RS + Champ) Utah State
45%
Southland (RS) Stephen F. Austin
36%
WAC (RS) Utah Valley
36%
Patriot League (RS) Navy
27%
MVC (RS) Belmont
18%
ASUN (RS) Central Arkansas
18%
SoCon (RS) East Tennessee State
18%
CUSA (RS) Liberty
18%
MAAC (RS) Merrimack
18%
Big West (RS) UC Irvine
18%
CAA (RS) UNC Wilmington
18%
Big Sky (RS) Portland State
9%
SWAC (RS) Bethune-Cookman
0%
No matching quizzes found
Score Distribution
Percent of People with Each Score
Percentile by Number Answered
Your Score History
You have not taken this quiz since the last reset